Por el archipiélago del cuerpo: experiencia, práctica y representación /
Se propone un acercamiento al carácter histórico y cultural atribuido al cuerpo en los estudios especializados. Recurre a la figura del archipiélago del cuerpo, entendiendo que los estudios dibujan un paisaje diferenciado y cambiante. Además, se centra en tres formas de comprender el cuerpo que infl...
שמור ב:
| מחבר ראשי: | |
|---|---|
| פורמט: | Texto |
| שפה: | Spanish |
| נושאים: | |
| תגים: |
הוספת תג
אין תגיות, היה/י הראשונ/ה לתייג את הרשומה!
|
MARC
| LEADER | 00000 a a2200000 04500 | ||
|---|---|---|---|
| 001 | 46691 | ||
| 003 | cru CIDCACS/IIS | ||
| 005 | 20171027120835.0 | ||
| 008 | 171027b xxu||||| |||| 00| 0 spa d | ||
| 999 | |c 34004 |d 34004 | ||
| 040 | |c cru CIDCACS/IIS | ||
| 100 | |a Pedraza, Zandra | ||
| 245 | |a Por el archipiélago del cuerpo: |b experiencia, práctica y representación / |c Zandra Pedraza | ||
| 520 | |a Se propone un acercamiento al carácter histórico y cultural atribuido al cuerpo en los estudios especializados. Recurre a la figura del archipiélago del cuerpo, entendiendo que los estudios dibujan un paisaje diferenciado y cambiante. Además, se centra en tres formas de comprender el cuerpo que influyen en la constitución de este campo: la somática, el estudio de representaciones y los análisis críticos. Para estudiar estas tres formas de comprender el cuerpo se presentan tres textos ilustrativos: “La eutonía” de Gerda Alexander, “El cuerpo en la sociedad actual” de Françoise Loux y “El cuerpo” de Michel Bernard. Se finaliza con la revisión de algunas perspectivas contemporáneas que hablan sobre el actual territorio de los estudios del cuerpo y los avances en su exploración del conocimiento. | ||
| 650 | 1 | 0 | |9 75 |a CIENCIAS SOCIALES |
| 650 | 1 | 0 | |9 84 |a FILOSOFIA |
| 650 | 1 | 0 | |9 5766 |a FACTORES CULTURALES |
| 650 | 1 | 0 | |9 5504 |a CUERPO HUMANO |
| 650 | 1 | 0 | |9 5767 |a EMOCIONES |
| 650 | 0 | |9 4605 |a TEORIA CRITICA | |
| 773 | |g número39 ( , 2013), páginas 13-27 | ||
| 942 | |2 ddc |c PP | ||
